zpět

Detail výsledku týmu

U Káňů, Ostrava

Datum a čas kvízu

21.5 Celkem bodů Celkový počet nahraných bodů na tomto kvízu bez doplňovacích otázek.
1. Pořadí na kvízu Konečné umístění týmu na tomto kvízu.

Zaznamenané odpovědi

# Otázka Odpověď Body Výsledky
1. Jistá velká česká společnost o... 1
2. Za přísných bezpečnostních opa... 1
3. Nejstreamovanější kapela roku... 1
4. Na grafu vidíme propad hodnoty... 0
5. Původně dočasný kouč a nástupc... 1
5. Jak se jmenuje značka, s níž j... 0
5. Jak se jmenuje vítězka páté řa... 1
8. Česká snowboardistka Eva Samko... 0
5. Jak zní křestní jméno italskéh... 0
10. Přiřaďte jména známých osobnos... 1